• 首页
  • 本馆介绍
  • 公告通知
  • 最新文献
  • 馆藏检索
  • 电子资源
  • 读者导购
  • 参考咨询
  • 我的图书馆
  • 登录
  • 详细信息显示
  • 放入我的书架
  • 预约/预借图书
  • 作者相关作品
  • 分类相关作品
  • 丛书相关作品
  • 出版社相关作品

书目信息

  • 表格格式
  • 工作单格式
  • 卡片格式
题名:
维生素手册
    
 
作者: 玛克斯 著 ;郑昌学 译
分册:  
出版信息: 北京   科学普及出版社  1981
页数: 191页
开本: 19cm
丛书名:
单 册:
中图分类: R151.2-62 , R9-62
科图分类:
主题词: 维生素--手册 , 药物学
电子资源:
ISBN:
000 00728nam0 2200277 45
001 0181000926
005 20040524084820.3
010    @dCNY0.53
091    @a14051.1008
100    @a19950531d1981 emky0chiy0121 ea
101 1  @achi@ceng
102    @aCN@b110000
105    @ay z 000yy
106    @ar
200 10 @a维生素手册@Awei sheng su shou ce@f(英)J.玛克斯著@g郑昌学等译
210    @a北京@c科学普及出版社@d1981
215    @a191页@d19cm
606    @a维生素@x手册
606 0  @a药物学
690    @aR151.2-62@v3
690    @aR9-62
701  1 @a玛克斯@Ama ke si@bJ.@4著
702  0 @a郑昌学@Azheng chang xue@4译
801  0 @aCN@b上海图书馆@c20040524
801  2 @aCN@bNLC@c20040524
905    @f1@b40936@dR9-62@e6
    
    维生素手册/(英)J.玛克斯著/郑昌学等译.-北京:科学普及出版社,1981
    191页;19cm
    
    
    ISBN :CNY0.53
    
●
相关链接 在E读中查询图书 在五车中查询图书 在当当中查询图书 在豆瓣中查询图书


正题名:维生素手册     索取号:R9-62/6         预约/预借

序号 登录号 条形码 馆藏地/架位号 状态 备注
1 0040936   001698309   第三借阅区/ [索取号:R9-62/6] 在馆    
2 0040937   001698274   第二样本阅览室/ [索取号:R9-62/6] 在馆    
唐山师范学院图书馆 欢迎您!
大连网信软件有限公司© 版权所有